000 00683cam a22002533a 4500
001 32076
003 PGUSA
005 20140828083708.0
008 100421s2010||||xxu|||||s|||||000 1 eng d
040 _aPGUSA
_beng
042 _adc
050 4 _aPS
100 1 _aMarks, Winston K.,
_d1915-1979
245 1 0 _aBrown John's Body
_h[electronic resource] /
_cWinston K. Marks
260 _bProject Gutenberg,
_c2010
506 _aPublic domain in the USA.
516 _aElectronic text
653 _aShort stories
653 _aHorror tales
653 _aRats -- Fiction
830 0 _aProject Gutenberg
_v32076
856 4 0 _uhttp://www.gutenberg.org/ebooks/32076
942 _cEB
999 _c261331
_d261331